00401nam a2200109Ia 4500008004100000082000800041100001400049245010900063942000600172952009800178999001500276240331s9999 xx 000 0 und d bPER aPerera, S 0aStories of survivors :bsocio-political contexts of female headed households in pot terror Sri Lanka-Vol cL 001040708LaWERCLbWERCLcSSCd2024-03-31l0o 306.85 PERp2869r2024-03-31w2024-03-31yL c2205d2205